Atmospheric transport processes / (Record no. 4638)
[ view plain ]
| 000 -LEADER | |
|---|---|
| fixed length control field | 01370cam a2200325 4500 |
| 001 - CONTROL NUMBER | |
| control field | 0000004828 |
| 005 - DATE AND TIME OF LATEST TRANSACTION | |
| control field | 20170406120132.0 |
| 008 - FIXED-LENGTH DATA ELEMENTS--GENERAL INFORMATION | |
| fixed length control field | 700312m19691978tnuab b 001 0 eng |
| 010 ## - LIBRARY OF CONGRESS CONTROL NUMBER | |
| LC control number | 76603262 |
| 020 ## - INTERNATIONAL STANDARD BOOK NUMBER | |
| International Standard Book Number | 0870791141 (v. 4) |
| 035 ## - SYSTEM CONTROL NUMBER | |
| -- | (DLC) 76603262 |
| 040 ## - CATALOGING SOURCE | |
| Original cataloging agency | DLC |
| Transcribing agency | DLC |
| Modifying agency | DLC |
| -- | ICU |
| 050 00 - LIBRARY OF CONGRESS CALL NUMBER | |
| Classification number | QC880.4.T7 |
| Item number | R44 |
| 082 00 - DEWEY DECIMAL CLASSIFICATION NUMBER | |
| Classification number | 551.5/1 |
| 100 1# - MAIN ENTRY--PERSONAL NAME | |
| Personal name | Reiter, Elmar R. |
| 245 10 - TITLE STATEMENT | |
| Title | Atmospheric transport processes / |
| Statement of responsibility, etc. | [by] Elmar R. Reiter. |
| 260 ## - PUBLICATION, DISTRIBUTION, ETC. | |
| Place of publication, distribution, etc. | [Oak Ridge, Tenn.] : |
| Name of publisher, distributor, etc. | U.S. Atomic Energy Commission, Division of Technical Information; [available from U.S. Clearinghouse for Federal Scientific and Technical Information, Springfield, Va.], |
| Date of publication, distribution, etc. | 1969-78. |
| 300 ## - PHYSICAL DESCRIPTION | |
| Extent | 4 v. : |
| Other physical details | illus., maps. ; |
| Dimensions | 25 cm. |
| 350 ## - PRICE (NR) (BK AM CF MU VM SE) [OBSOLETE] | |
| Price | $12.50 |
| 440 #0 - SERIES STATEMENT/ADDED ENTRY--TITLE | |
| Title | AEC critical review series |
| 490 1# - SERIES STATEMENT | |
| Series statement | pt. 4: DOE critical review series |
| 500 ## - GENERAL NOTE | |
| General note | Part 3 published by U.S. Atomic Energy Commission, Office of Information Services; pt. 4, by Technical Information Center, U.S. Dept. of Energy. |
| 504 ## - BIBLIOGRAPHY, ETC. NOTE | |
| Bibliography, etc. note | Includes bibliographies. |
| 505 0# - FORMATTED CONTENTS NOTE | |
| Formatted contents note | pt. 1. Energy transfers and transformations.--pt. 2. Chemical tracers.--pt. 3. Hydrodynamic tracers.--pt. 4. Radioactive tracers. |
| 650 #0 - SUBJECT ADDED ENTRY--TOPICAL TERM | |
| Topical term or geographic name entry element | Transport theory. |
| 650 #0 - SUBJECT ADDED ENTRY--TOPICAL TERM | |
| Topical term or geographic name entry element | Dynamic meteorology. |
| 830 #0 - SERIES ADDED ENTRY--UNIFORM TITLE | |
| Uniform title | DOE critical review series. |
| 908 ## - PUT COMMAND PARAMETER (RLIN) | |
| Put command parameter | 141121 |
| Withdrawn status | Lost status | Source of classification or shelving scheme | Damaged status | Not for loan | Home library | Current library | Shelving location | Date acquired | Full call number | Barcode | Date last seen | Price effective from | Koha item type | Copy number |
|---|---|---|---|---|---|---|---|---|---|---|---|---|---|---|
| Withdrawn | CUZ Harare Campus | CUZ Harare Campus | Open Shelf | 06.04.2017 | QC 880. R4 | BK0005696 | 27.02.2024 | 06.04.2017 | OS Book | |||||
| Withdrawn | CUZ Harare Campus | CUZ Harare Campus | Open Shelf | 06.04.2017 | QC 880. R4 | BK0005702 | 27.02.2024 | 06.04.2017 | OS Book | CU11468 |